000 00657nam a2200253 a 4500
001 nice12345678
003 IN_TiNIC
005 20260116011441.0
008 050524s1923 amsa grp 000 0 eng
020 _a
_c0
082 0 0 _a248.22
_bWEN
100 _aWensinck, A J
245 _aIsaac of Nineveh
_b Tr.From Bedjan`s Syriac Text With an Introduction and Reg
260 _aAmsterdam
_bUitgave Der
_c1923
300 _a400p
500 _aincludes index and biblioraphy
505 2 _areference
650 _aMysticism-Christianity
650 _aIsaac of Nineveh
700 1 _aWensinck, A J
902 _bSRS
942 _cBK
999 _c1654
_d1654